000 01396nam a2200289 i 4500
001 000030907
003 DO-SdBNP
005 20230801150244.0
007 ta
008 110329s1958 dr r 000 0 spa d
040 _aDO-SdBNP
_bspa
_cBNPHU
_erda
082 4 _a972.93053
_bT866m, 1957
_222
100 1 _aTrujillo Molina, Héctor Bienvenido,
_d1908-2002
_954718
245 1 0 _aMensaje depositado el 27 de febrero de 1958 en el Congreso Nacional por el presidente de la República Dominicana general Héctor Bienvenido Trujillo Molina para darle cuenta de su gestión durante el año 1957 /
_cHéctor Bienvenido Trujillo Molina.
260 _aCiudad Trujillo, República Dominicana :
_b[Taller de Imprenta del Ejercito Nacional],
_c1958].
264 _aCiudad Trujillo, República Dominicana :
_b[Taller de Imprenta del Ejercito Nacional],
_c1958.
300 _a194 páginas ;
_c23 cm.
336 _2rdacontent
_atexto
_btxt
337 _2rdamedia
_asin mediación
_bn
338 _2rdacarrier
_avolumen
_bnc
590 _aInventariado, 2019/BT
650 4 _aDiscursos presidenciales
_910061
651 4 _aRepública Dominicana
_xHistoria
_yEra de Trujillo, 1930-1961
_xEnsayos, conferencias, etc.
_930520
651 4 _aRepública Dominicana
_xPolítica y gobierno
_yEra de Trujillo, 1930-1961
_xEnsayos, conferencias, etc.
_930546
910 _aValidado. Control de calidad. EMS
942 _2ddc
_cLBS1
999 _c30399
_d30399